000 00466nam a2200193Ia 4500
005 20240823041051.0
008 240823s9999||||xx |||||||||||||| ||und||
020 _a978-81-203-3784-8
041 _aENGLISH
082 _A620.11 P9
100 _aMishra R C
245 0 _aMechanical system design
260 _c2009
_bPHI Learning Pv
500 _aYES
650 _aMechanical System Design
_bMechanical
700 _a Simant.
942 _cBK
999 _c204605
_d204605